Report Writing for Business. (Record no. 349091)
[ view plain ]
| 000 -LEADER | |
|---|---|
| fixed length control field | 00385 a2200157 4500 |
| 020 ## - INTERNATIONAL STANDARD BOOK NUMBER | |
| International Standard Book Number | 0256115656 |
| 082 ## - DEWEY DECIMAL CLASSIFICATION NUMBER | |
| Classification number | 808.066651 |
| 090 ## - LOCALLY ASSIGNED LC-TYPE CALL NUMBER (OCLC); LOCAL CALL NUMBER (RLIN) | |
| -- | 6742 |
| -- | 6742 |
| 100 ## - MAIN ENTRY--PERSONAL NAME | |
| Personal name | Lesikar,Raymond V. |
| 245 ## - TITLE STATEMENT | |
| Title | Report Writing for Business. |
| Statement of responsibility, etc. | Raymond V.Lesikar |
| 250 ## - EDITION STATEMENT | |
| Edition statement | 9th. |
| 260 ## - PUBLICATION, DISTRIBUTION, ETC. | |
| Place of publication, distribution, etc. | London |
| Name of publisher, distributor, etc. | IRWIN. |
| Date of publication, distribution, etc. | 1995 |
| 300 ## - PHYSICAL DESCRIPTION | |
| Extent | 441p. |
| 500 ## - GENERAL NOTE | |
| General note | Paper cover |
| 942 ## - ADDED ENTRY ELEMENTS (KOHA) | |
| Institution code [OBSOLETE] | NBS |
| Koha item type | Book |
| Call number prefix | 808.066651 LES |
| Withdrawn status | Lost status | Damaged status | Not for loan | Permanent Location | Current Location | Date acquired | Total Checkouts | Full call number | Barcode | Date last seen | Date last checked out | Price effective from | Koha item type | Source of classification or shelving scheme | Collection code | Shelving location |
|---|---|---|---|---|---|---|---|---|---|---|---|---|---|---|---|---|
| Central Library (CL) | Central Library (CL) | 08/28/2013 | 1 | 808.066651 LES | NBS871 | 04/21/2016 | 07/02/2015 | 08/28/2013 | Book | |||||||
| Central Library (CL) | Central Library (CL) | 10/24/2016 | 808.066651 LES 1995 | NBSD-2932 | 10/24/2016 | 10/24/2016 | Book | General Stacks |
